Statistics for People with D Initials Quiz

Click here to take the quiz!

General Stats

  • This quiz has been taken 21,331 times
    (10,386 since last reset)
  • The average score is 14 of 26

Answer Stats

Initials Clue Person % Correct
DB"Bend It" like himDavid Beckham
90%
DPWell-endowed female
country singer
Dolly Parton
85%
DDDiminutive actorDanny DeVito
80%
DRFormer Supremes singerDiana Ross
76%
DAHe was a Blues Brother
and a Conehead
Dan Aykroyd
75%
DEWWII Allied commanderDwight Eisenhower
73%
DJStar of "Miami Vice"Don Johnson
67%
DOHalf of a 1970's brother-sister duoDonny Osmond
66%
DG"Lethal Weapon"Danny Glover
65%
DWStar of "Training Day"Denzel Washington
64%
DKBoxing promoter and
convicted killer
Don King
63%
DQV.P. who couldn't spell potatoDan Quayle
61%
DFChild actress who starred
in "War of the Worlds"
Dakota Fanning
60%
DMDolphins quarterbackDan Marino
55%
DZSon of Frank; brother
of Moon Unit
Dweezil Zappa
53%
DSDisco singer with multiple #1 hitsDonna Summer
52%
DC"Hotel Rwanda"Don Cheadle
45%
DHHad a shootout at the
O.K. Corral
Doc Holliday
42%
DTThe tenth doctorDavid Tennant
40%
DL"Lady Chatterley's Lover"D. H. Lawrence
29%
DYPlayed Darrin on "Bewitched"Dick York
25%
DNJane's Addiction guitaristDave Navarro
24%
DIRadio shock jockDon Imus
22%
DVSpanish painter of "Las Meninas"Diego Velazquez
17%
DXChinese leader who introduced
a market economy
Deng Xiaoping
15%
DUPower-hitting second basemanDan Uggla
8%

Score Distribution

Percentile by Number Answered

Percent of People with Each Score

Your Score History

You have not taken this quiz since the last reset